01616nam a2200313 a 450000500170000000800410001702000150005804100080007310000240008124500670010525000110017226000350018330000100021850001030022865300840033165300680041565300600048365300340054365300450057765301190062265300600074165301120080165300760091365300760098965300610106565300290112665300740115565300730122920240412131540.0100309t1987||||ag 0f0 S S1 S spa d a9502303628 aspa1 aCarrió, Genaro R. 3aEl Sistema Americano de Derechos Humanos /cGenaro R. Carrió a1a ed. aBuenos Aires: bEUDEBA;c1987. a96 p. aCarrió, G. R. (1987). El sistema americano de Derechos Humanos. (1a ed.). Buenos Aires : EUDEBA. aDeclaracion americana de los derechos y deberes del hombre y la Carta de la OEA aAntecedenetes de la Comision Interamericana de Derechos Humanos aAmpliacion de las facultades y funciones de la Comision aComision y la Carta de la OEA aConvencion Americana de Derechos Humanos aOrganos de proteccion de los Derechos Humanos segun la convencion: Convencion Interamericana, Corte Interamericana aCoordinacion de las funciones de la Corte y la Comision aBreve reseña de los casos salientes de tutela internacional de los derechos humanos en el marco de la OEA aDocumento 1: Declaracion americana de los derechos y deberes del hombre aDocumento 2: Estatuto de la Comision Interamericana de derechos humanos aDocumento 3: Convension americana sobre derechos humanos aDeclaraciones y reservas aDocumento 4: Raul Ricardo Alfonsin, presidente de la Nacion Argentina aDocumento 5: Estatuto de la Corte Interamericana de derechos humanos